000 00881nam a2200241Ia 4500
003 OSt
005 20221005112545.0
006 a|||||r|||| 00| 0
007 ta
008 221004b |||||||| |||| 00| 0 pan d
020 _a8171429963 (hbk)
_c250
024 _a104539
037 _b7830/III/A, 31/01/2011, Arsee Publishers
_cTextual
040 _aCRL
_cCRL
_bpan
041 _2pan
_apan
082 _aO168,1N59:g, 153Q0
100 _aਤਾਰਾ ਸਿੰਘ, ਥਦ।
245 0 _aਬੁਰਾ ਏਜਾਗ਼ ਰਚਿਤ ਸਾਹਿਤ
_b ਸਰੋਕਾਰ ਤੇ ਸੰਵਾਦ
260 _aਚੰਡੀਗੜ
_bਲੋਕਗੀਤ ਭਾਰਤ
_c2010
300 _a183ਪੰ
_ccm.
942 _hO168,1N59:g, 153Q0
_cTEXL
_2cc
999 _c1025234
_d1025234